Akhenaten, King of Egypt /

Bibliographic Details
Main Author: Aldred, Cyril
Format: Book
Language:English
Published: New York : London : Thames and Hudson, 1988.
Subjects:

MARC

Tag First Indicator Second Indicator Subfields
LEADER 00000cam a2200000 a 4500
001 in00000020913
005 20151007055524.0
008 880525s1988 nyuaf b 00110 eng d
010 |a  87051153  
020 |a 0500050481 :  |c $35.00 
035 |a (OCoLC)17997212 
035 |9 AAB8482AM 
040 |a DMM  |c ASL  |d DMM  |d CUI  |d OCL  |d TXA  |d UtOrBLW 
049 |a TXAM  |c [A11668216] 
050 4 |a DT87.4  |b .A249 1988 
100 1 |a Aldred, Cyril. 
245 1 0 |a Akhenaten, King of Egypt /  |c Cyril Aldred. 
264 1 |a New York :  |b London :  |b Thames and Hudson,  |c 1988. 
300 |a 320 pages :  |b illustrations ;  |c 26 cm. 
336 |a text  |b txt  |2 rdacontent 
337 |a unmediated  |b n  |2 rdamedia 
338 |a volume  |b nc  |2 rdacarrier 
504 |a Bibliography: pages 308-312. 
500 |a Includes index. 
536 |a From the Library of George F. Bass. 
600 0 0 |a Akhenaton,  |c King of Egypt. 
651 0 |a Egypt  |x Civilization  |y To 332 B.C. 
999 |a MARS 
999 f f |s a564dd9c-55d7-31a9-9393-0a9550999f32  |i a3bf6ca2-be2a-33b5-af13-3f84c2a4c46c  |t 0 
952 f f |p noncirc  |a Texas A&M University  |b College Station  |c Sterling C. Evans Library  |d Bodrum (located in Turkey)  |t 0  |e DT87.4 .A249 1988  |h Library of Congress classification  |i unmediated -- volume 
952 f f |p normal  |a Texas A&M University  |b College Station  |c Sterling C. Evans Library  |d Evans: Library Stacks  |t 0  |e DT87.4 .A249 1988  |h Library of Congress classification  |i unmediated -- volume  |m A14811668216 
998 f f |a DT87.4 .A249 1988  |t 0  |l Evans: Library Stacks 
998 f f |a DT87.4 .A249 1988  |t 0  |l Bodrum (located in Turkey)